000 00495 a2200109 4500
020 _a9789810804152
082 _a624.15136 THO
100 _aThongchai, Aniruth
245 _aGeo Chiangmai 2008 : An International Conference on Geotechnical Engineering Focusing on New Development in Soil & Rock Engineering, Engineering Geology & Environmental Geotechnique/
_cAniruth Thongchai
260 _aSingapore :
_bCI Premier Conference Organisation,
_c2008
300 _avii, 360p. :
_bill. ;
_c25 cm
650 _aGeotechnical engineering
999 _c1145
_d1145